000 00393nam a22001337a 4500
999 _c518887
_d518887
008 211218b ||||| |||| 00| 0 eng d
100 _aGetachew, Adom
_931131
245 _aAnti-imperial subjects: Asia's unfinished rebellions
260 _aForeign Affairs
300 _a100(4), Jul-Aug, 2021: p.180-186
773 _aForeign Affairs
906 _aINTERNATIONAL RELATIONS
942 _cAR